[Event "Capablanca Memorial op 51st"]
[Site "Varadero"]
[Date "2016.06.09"]
[Round "1"]
[White "Medina Diaz, Rafael Alejandro"]
[Black "Ocampo Vargas, Raul"]
[Result "0-1"]
[WhiteElo "2270"]
[BlackElo "2121"]
[PlyCount "52"]
[EventDate "2016.06.09"]
[EventType "swiss"]
[EventRounds "10"]
[EventCountry "CUB"]
[SourceTitle "EXT 2017"]
[Source "ChessBase"]
[SourceDate "2016.10.25"]
[SourceVersion "1"]
[SourceVersionDate "2016.10.25"]
[SourceQuality "1"]

1. e4 c5 2. Nf3 g6 3. d4 cxd4 4. Qxd4 Nf6 5. e5 Nc6 6. Qa4 Nd5 7. Qe4 Nc7 8. Nc3 Bg7 9. Bf4 Ne6 10. Bg3 Qa5 11. 0-0-0 f5 12. exf6 Bxf6 13. Rd5 Qb4 14. a3 Qxe4 15. Nxe4 Bg7 16. Bc4 Rf8 17. Re1 Nf4 18. Bxf4 Rxf4 19. Bb3 Kd8 20. Nfg5 d6 21. g3 Rf5 22. Rxf5 gxf5 23. Nf7+ Kc7 24. Neg5 h6 25. Ne6+ Bxe6 26. Rxe6 Bf6 0-1

[Event "Capablanca Memorial Mixto 37th"]
[Site "Havana"]
[Date "2002.05.10"]
[Round "5"]
[White "Ocampo Vargas, Raul"]
[Black "Hernandez Alvarez, Tania Regla"]
[Result "1/2-1/2"]
[WhiteElo "2312"]
[BlackElo "2174"]
[PlyCount "25"]
[EventDate "2002.05.06"]
[EventType "tourn"]
[EventRounds "11"]
[EventCountry "CUB"]
[EventCategory "2"]
[SourceTitle "CBM 088 Extra"]
[Source "ChessBase"]
[SourceDate "2002.07.01"]
[SourceVersion "2"]
[SourceVersionDate "2002.07.01"]
[SourceQuality "1"]

1. e4 b6 2. d4 Bb7 3. Nd2 e6 4. Ngf3 Nf6 5. Bd3 c5 6. c3 Be7 7. Qe2 Qc7 8. 0-0 Nc6 9. a3 0-0 10. Re1 cxd4 11. cxd4 Rac8 12. Nf1 d5 13. e5 1/2-1/2

[Event "Capablanca Memorial Mixto 37th"]
[Site "Havana"]
[Date "2002.05.07"]
[Round "2"]
[White "Araque, Rafael"]
[Black "Ocampo Vargas, Raul"]
[Result "1-0"]
[WhiteElo "2365"]
[BlackElo "2312"]
[PlyCount "85"]
[EventDate "2002.05.06"]
[EventType "tourn"]
[EventRounds "11"]
[EventCountry "CUB"]
[EventCategory "2"]
[SourceTitle "CBM 088 Extra"]
[Source "ChessBase"]
[SourceDate "2002.07.01"]
[SourceVersion "2"]
[SourceVersionDate "2002.07.01"]
[SourceQuality "1"]

1. d4 Nf6 2. g3 g6 3. Bg2 Bg7 4. e4 d6 5. Nc3 0-0 6. h3 c5 7. dxc5 dxc5 8. Qxd8 Rxd8 9. Be3 Na6 10. e5 Ne8 11. f4 Nb4 12. Rc1 Bf5 13. Bxc5 Nxc2+ 14. Kf2 Rac8 15. Bxe7 Rd2+ 16. Nge2 Rc7 17. Bh4 Bf8 18. g4 Bc5+ 19. Kg3 Ne3 20. Bf3 Bd3 21. Na4 Bxe2 22. Bxe2 Rxe2 23. Rxc5 Rxc5 24. Nxc5 Rxb2 25. Rc1 Rxa2 26. Nxb7 Rc2 27. Rb1 Nd5 28. Nd6 Rc3+ 29. Kf2 Nec7 30. Rb8+ Kg7 31. Bd8 Ne6 32. g5 Nf8 33. Bf6+ Kg8 34. Ra8 Nxf4 35. Nc8 Nxh3+ 36. Ke1 Rxc8 37. Rxc8 Nf4 38. Be7 N4e6 39. Kd1 Kg7 40. Kc1 a6 41. Kb2 a5 42. Ka3 Kg8 43. Ka4 1-0

[Event "Capablanca Memorial Mixto 37th"]
[Site "Havana"]
[Date "2002.05.06"]
[Round "1"]
[White "Ocampo Vargas, Raul"]
[Black "Collazo Hidalgo Gato, Niala"]
[Result "1/2-1/2"]
[WhiteElo "2312"]
[BlackElo "2192"]
[PlyCount "57"]
[EventDate "2002.05.06"]
[EventType "tourn"]
[EventRounds "11"]
[EventCountry "CUB"]
[EventCategory "2"]
[SourceTitle "CBM 088 Extra"]
[Source "ChessBase"]
[SourceDate "2002.07.01"]
[SourceVersion "2"]
[SourceVersionDate "2002.07.01"]
[SourceQuality "1"]

1. e4 c5 2. Nf3 Nc6 3. c3 d5 4. exd5 Qxd5 5. d4 Nf6 6. Be2 cxd4 7. cxd4 e6 8. Nc3 Qd6 9. 0-0 Be7 10. a3 0-0 11. Nb5 Qd8 12. Ne5 Nd5 13. Bd3 Qb6 14. Nxc6 bxc6 15. Nc3 Bf6 16. Be3 Qxb2 17. Na4 Qb8 18. Qc2 g6 19. Qxc6 Bb7 20. Qb5 a6 21. Qb3 Qc7 22. Rac1 Qe7 23. Nb6 Rab8 24. Nxd5 Bxd5 25. Qa4 Rb3 26. Qxa6 Rxa3 27. Qb5 Rb3 28. Qa6 Ra3 29. Qb5 1/2-1/2

[Event "Capablanca Memorial Mixto 37th"]
[Site "Havana"]
[Date "2002.05.06"]
[Round "10"]
[White "Ocampo Vargas, Raul"]
[Black "Pina Vega, Sulennis"]
[Result "1/2-1/2"]
[WhiteElo "2312"]
[BlackElo "2371"]
[PlyCount "76"]
[EventDate "2002.05.06"]
[EventType "tourn"]
[EventRounds "11"]
[EventCountry "CUB"]
[EventCategory "2"]
[SourceTitle "CBM 088 Extra"]
[Source "ChessBase"]
[SourceDate "2002.07.01"]
[SourceVersion "2"]
[SourceVersionDate "2002.07.01"]
[SourceQuality "1"]

1. e4 c5 2. c3 d6 3. d4 Nf6 4. dxc5 Nc6 5. Bc4 Nxe4 6. Bxf7+ Kxf7 7. Qh5+ Kg8 8. Qd5+ e6 9. Qxe4 d5 10. Qe2 b6 11. Nf3 bxc5 12. 0-0 h6 13. Bf4 Bd6 14. Bxd6 Qxd6 15. Re1 Rb8 16. b3 Kh7 17. Nbd2 Rf8 18. Ne5 Nxe5 19. Qxe5 Qxe5 20. Rxe5 Rf5 21. Nf3 a5 22. Rd1 Rxe5 23. Nxe5 a4 24. Rb1 axb3 25. axb3 Ba6 26. f4 Rb7 27. Kf2 Bb5 28. Ra1 Be8 29. Ra3 Bg6 30. g4 Bc2 31. Ra5 Rxb3 32. Rxc5 Rb2 33. h4 h5 34. g5 Bf5+ 35. Kg1 Rb1+ 36. Kh2 Rb2+ 37. Kg1 Rb1+ 38. Kh2 Rb2+ 1/2-1/2

[Event "Cuautitlan op 30'"]
[Site "Cuautitlan"]
[Date "2002.??.??"]
[Round "4"]
[White "Espinosa Escala, Rafael"]
[Black "Ocampo Vargas, Raul"]
[Result "1-0"]
[WhiteElo "2160"]
[BlackElo "2312"]
[PlyCount "65"]
[EventDate "2002.03.??"]
[EventType "swiss (rapid)"]
[EventRounds "6"]
[EventCountry "MEX"]
[SourceTitle "CBM 087 Extra"]
[Source "ChessBase"]
[SourceDate "2002.05.03"]
[SourceVersion "2"]
[SourceVersionDate "2002.08.09"]
[SourceQuality "1"]

1. e4 c5 2. Nf3 Nc6 3. Bb5 g6 4. Bxc6 dxc6 5. 0-0 Bg7 6. d3 Nf6 7. h3 0-0 8. Nbd2 Nd7 9. a4 b6 10. a5 Ba6 11. Re1 Qc7 12. Nc4 Bxc4 13. dxc4 Ne5 14. Bf4 Nxf3+ 15. Qxf3 Qd7 16. Qb3 b5 17. Red1 Qe6 18. cxb5 cxb5 19. Qxb5 Qxe4 20. Qa4 c4 21. Bg3 Bxb2 22. Re1 Qf5 23. Rab1 Bf6 24. Rb5 Qd7 25. a6 Rfc8 26. Reb1 Kg7 27. Qa5 Qe6 28. Re1 Qc6 29. Rb7 Qc5 30. Rb5 Qd4 31. Rxe7 Qd1+ 32. Qe1 Qxc2 33. Rxf7+ 1-0

[Event "Cuautitlan op 30'"]
[Site "Cuautitlan"]
[Date "2002.??.??"]
[Round "5"]
[White "Ocampo Vargas, Raul"]
[Black "Garcia Correa, Jose Ricardo"]
[Result "1-0"]
[WhiteElo "2312"]
[BlackElo "2188"]
[PlyCount "71"]
[EventDate "2002.03.??"]
[EventType "swiss (rapid)"]
[EventRounds "6"]
[EventCountry "MEX"]
[SourceTitle "CBM 087 Extra"]
[Source "ChessBase"]
[SourceDate "2002.05.03"]
[SourceVersion "2"]
[SourceVersionDate "2002.08.09"]
[SourceQuality "1"]

1. e4 d6 2. d4 Nf6 3. Nc3 g6 4. Bg5 Bg7 5. e5 Nfd7 6. Nd5 f6 7. exf6 Nxf6 8. Nxf6+ exf6 9. Be3 f5 10. Qf3 c6 11. Nh3 Qa5+ 12. Bd2 Qc7 13. 0-0-0 0-0 14. Bf4 b5 15. Qg3 Rd8 16. Ng5 Qe7 17. Qb3+ d5 18. Nf3 a5 19. Re1 Qf8 20. Bg5 Re8 21. Bxb5 Be6 22. Ba4 Nd7 23. Bf4 Bh6 24. Qe3 Bg7 25. Bxc6 Rac8 26. Bxd7 Bxd7 27. Qb3 Rc4 28. Rxe8 Bxe8 29. Qb7 Bc6 30. Qb6 Qc8 31. b3 Rb4 32. Qxa5 Rb5 33. Qc3 Qa8 34. a4 Ra5 35. Re1 Bf8 36. Ne5 1-0

[Event "Oaxaca op 16th"]
[Site "Oaxaca"]
[Date "2000.??.??"]
[Round "?"]
[White "Ocampo Vargas, Raul"]
[Black "Ferriz Carrasquedo, Alfonso"]
[Result "1-0"]
[WhiteElo "2222"]
[BlackElo "2120"]
[PlyCount "67"]
[EventDate "2000.02.??"]
[EventType "swiss"]
[EventRounds "6"]
[EventCountry "MEX"]
[SourceTitle "EXT 2001"]
[Source "ChessBase"]
[SourceDate "2000.11.22"]
[SourceVersion "1"]
[SourceVersionDate "2000.11.22"]
[SourceQuality "1"]

1. e4 c5 2. c3 d5 3. exd5 Qxd5 4. d4 Nf6 5. Nf3 Bg4 6. Qa4+ Nc6 7. Bc4 Qe4+ 8. Be3 Bxf3 9. Nd2 Qg4 10. gxf3 Qc8 11. d5 a6 12. dxc6 b5 13. Bxb5 axb5 14. Qxb5 Rb8 15. Qa4 Ra8 16. Qc4 Qxc6 17. Qxc5 Qa6 18. Qb6 Qxb6 19. Bxb6 Rb8 20. Nc4 g6 21. 0-0-0 Bg7 22. Rhe1 0-0 23. Rxe7 Rfc8 24. Ba7 Bh6+ 25. Kc2 Ra8 26. Nd6 Rc6 27. Nxf7 Bf8 28. Rb7 Ra6 29. Be3 Rxa2 30. Nh6+ Kh8 31. Bd4 Bxh6 32. Bxf6+ Kg8 33. Rdd7 R2a6 34. Bd4 1-0

[Event "Fide Mercenarios-D"]
[Site "Mexico City"]
[Date "1999.??.??"]
[Round "1"]
[White "Ocampo Vargas, Raul"]
[Black "Dounce, Carlos"]
[Result "1-0"]
[WhiteElo "2235"]
[BlackElo "2045"]
[PlyCount "83"]
[EventDate "1999.??.??"]
[EventType "tourn"]
[EventRounds "9"]
[EventCountry "MEX"]
[SourceTitle "EXT 2001"]
[Source "ChessBase"]
[SourceDate "2000.11.22"]
[SourceVersion "1"]
[SourceVersionDate "2000.11.22"]
[SourceQuality "1"]

1. e4 c5 2. Nf3 d6 3. c3 d5 4. exd5 Qxd5 5. d4 Bg4 6. Nbd2 e6 7. h3 Bxf3 8. Nxf3 Nc6 9. c4 Qe4+ 10. Be3 Nxd4 11. Nxd4 cxd4 12. Qa4+ Qc6 13. Qxc6+ bxc6 14. Bxd4 Bb4+ 15. Ke2 f6 16. a3 Ba5 17. g3 e5 18. Bc5 Bb6 19. Bg2 Rc8 20. Bb4 Bd4 21. Rab1 c5 22. Ba5 Ne7 23. Rhd1 Nc6 24. Bd2 Kd7 25. b4 cxb4 26. axb4 Nd8 27. Bd5 Ne6 28. f4 Nc7 29. Be4 Ke7 30. fxe5 Bxe5 31. Be3 Ne6 32. c5 g6 33. c6 Rhd8 34. Bxa7 Bd4 35. Bc5+ Bxc5 36. bxc5 Nxc5 37. Bg2 Rc7 38. Rxd8 Kxd8 39. Rb5 Re7+ 40. Kd1 Ne4 41. Rb8+ Kc7 42. Rb7+ 1-0

[Event "Carlos Torre Memorial op 10th"]
[Site "Merida"]
[Date "1997.??.??"]
[Round "9"]
[White "Ocampo Vargas, Raul"]
[Black "Romero, Ricardo"]
[Result "1/2-1/2"]
[WhiteElo "2265"]
[BlackElo "2265"]
[PlyCount "91"]
[EventDate "1997.12.??"]
[EventType "swiss"]
[EventRounds "9"]
[EventCountry "MEX"]
[SourceTitle "EXT 1999"]
[Source "ChessBase"]
[SourceDate "1998.11.16"]
[SourceVersion "1"]
[SourceVersionDate "1998.11.16"]
[SourceQuality "1"]

1. e4 d6 2. d4 Nf6 3. Nc3 g6 4. Bg5 c6 5. Qd2 Bg7 6. 0-0-0 0-0 7. Bh6 b5 8. Bxg7 Kxg7 9. f3 a5 10. g4 a4 11. Nce2 Qa5 12. Qxa5 Rxa5 13. h4 b4 14. Nh3 Ba6 15. Nef4 Bxf1 16. Rhxf1 Nbd7 17. g5 Ng8 18. h5 c5 19. hxg6 hxg6 20. d5 c4 21. Rf2 Ne5 22. Ne2 a3 23. b3 cxb3 24. cxb3 Rc8+ 25. Kb1 Rcc5 26. Rc1 f6 27. Rxc5 Rxc5 28. f4 Nd3 29. Rf3 Ne1 30. Rf1 Ng2 31. Nf2 Ne3 32. Rc1 f5 33. Nd3 Rb5 34. Nd4 fxe4 35. Ne6+ Kf7 36. Re1 Nxd5 37. Nd4 Nc3+ 38. Kc2 exd3+ 39. Kxd3 Rb6 40. Rh1 d5 41. Rh7+ Kf8 42. Nf3 Nxa2 43. Ne5 Re6 44. Rf7+ Ke8 45. Rg7 Kf8 46. Rf7+ 1/2-1/2

[Event "Magno Mercenarios 9th"]
[Site "Mexico City"]
[Date "1996.??.??"]
[Round "?"]
[White "Almeida Saenz, Alfonso"]
[Black "Ocampo Vargas, Raul"]
[Result "1-0"]
[WhiteElo "2440"]
[BlackElo "2265"]
[PlyCount "200"]
[EventDate "1996.??.??"]
[EventType "tourn"]
[EventRounds "11"]
[EventCountry "MEX"]
[EventCategory "6"]
[SourceTitle "EXT 2002"]
[Source "ChessBase"]
[SourceDate "2001.11.25"]
[SourceVersion "1"]
[SourceVersionDate "2001.11.25"]
[SourceQuality "1"]

1. Nf3 d6 2. d4 Nf6 3. g3 Nbd7 4. Bg2 e5 5. c4 c6 6. Nc3 e4 7. Ng5 d5 8. cxd5 cxd5 9. Qb3 Nb6 10. f3 h6 11. Nh3 exf3 12. exf3 Bd6 13. Nb5 Bb8 14. Qe3+ Qe7 15. Qxe7+ Kxe7 16. Bd2 a6 17. Bb4+ Kd7 18. Nc3 Bd6 19. Bc5 Nc4 20. 0-0-0 Ne3 21. Rd2 Nxg2 22. Rxg2 Kc6 23. g4 h5 24. Bxd6 Kxd6 25. Ng5 Be6 26. h3 hxg4 27. fxg4 Rac8 28. Re1 Ne4 29. Ngxe4+ dxe4 30. Rg3 Bxa2 31. Rxe4 Bc4 32. Kd2 Rce8 33. Rf4 Re7 34. Ne4+ Kd5 35. Nc3+ Kd6 36. d5 Rc8 37. g5 b5 38. g6 f6 39. Rd4 b4 40. Ne4+ Ke5 41. d6 Kxd4 42. dxe7 Kxe4 43. Re3+ Kf5 44. e8Q Rxe8 45. Rxe8 Kxg6 46. Rb8 Be6 47. h4 b3 48. Rb6 Bc4 49. Kc3 Bb5 50. Rb7 f5 51. Kd4 Kh5 52. Rxg7 Kxh4 53. Ke5 Bd3 54. Kf4 Kh5 55. Rd7 Be4 56. Rd6 a5 57. Ra6 Bc2 58. Rxa5 Kg6 59. Ke5 Kg5 60. Ra4 Kg6 61. Ra7 Be4 62. Rd7 Bc2 63. Rb7 Bd1 64. Rb6+ Kg5 65. Rb8 Kg6 66. Rb7 Bc2 67. Rc7 Be4 68. Rc4 Bc2 69. Rc8 Kf7 70. Rc3 Kg6 71. Rf3 Kf7 72. Rg3 Ke7 73. Rg7+ Kd8 74. Ke6 Kc8 75. Kd6 Be4 76. Rf7 Bc2 77. Rg7 Be4 78. Rc7+ Kd8 79. Rc3 Bc2 80. Ke6 Bb1 81. Kd6 Bc2 82. Re3 Kc8 83. Re5 Be4 84. Rc5+ Kb8 85. Rb5+ Bb7 86. Rxf5 Ka7 87. Rb5 Ka6 88. Rxb3 Bg2 89. Kc5 Bh1 90. Rb6+ Ka7 91. b4 Bg2 92. Rg6 Be4 93. Rg7+ Kb8 94. Kb6 Kc8 95. b5 Bd3 96. Rc7+ Kd8 97. Rc5 Be4 98. Ka7 Kd7 99. b6 Kd6 100. Rc4 Bf3 1-0

[Event "Fide Mercenarios 4th"]
[Site "Mexico City"]
[Date "1995.??.??"]
[Round "3"]
[White "Martin Del Campo C, Jorge Arturo"]
[Black "Ocampo Vargas, Raul"]
[Result "1/2-1/2"]
[WhiteElo "2215"]
[BlackElo "2275"]
[PlyCount "80"]
[EventDate "1995.??.??"]
[EventType "tourn"]
[EventRounds "11"]
[EventCountry "MEX"]
[SourceTitle "EXT 2000"]
[Source "ChessBase"]
[SourceDate "1999.11.16"]
[SourceVersion "1"]
[SourceVersionDate "1999.11.16"]
[SourceQuality "1"]

1. d4 Nf6 2. c4 c5 3. d5 b5 4. Nf3 Bb7 5. Nbd2 bxc4 6. e4 e6 7. Bxc4 exd5 8. exd5 Qe7+ 9. Kf1 Bxd5 10. Bxd5 Nxd5 11. g3 Nc7 12. Kg2 Qd6 13. Qb3 Be7 14. Nc4 Qc6 15. Re1 Ne6 16. Nce5 Qc7 17. Qd5 0-0 18. Bd2 Bf6 19. Bc3 Nc6 20. Nxd7 Bxc3 21. Nxf8 Nf4+ 22. gxf4 Bxe1 23. Ne6 fxe6 24. Qxe6+ Kh8 25. Rxe1 Rf8 26. Ne5 Nxe5 27. Qxe5 Qc8 28. Re3 h6 29. h3 Qc6+ 30. Kh2 Qa4 31. Rg3 Rf7 32. Rg6 Qxf4+ 33. Qxf4 Rxf4 34. Kg3 Ra4 35. a3 Rd4 36. Rc6 Rd2 37. Rc8+ Kh7 38. Rb8 c4 39. Rb7 c3 40. b4 Ra2 1/2-1/2